000 00576cam a22002053a 4500
001 35520
003 PGUSA
005 20140828083750.0
008 110308s2011||||xxu|||||s|||||000 | eng d
040 _aPGUSA
_beng
042 _adc
100 1 _aMason, William,
_d1829-1908
245 1 0 _aMemories of a Musical Life
_h[electronic resource] /
_cWilliam Mason
260 _bProject Gutenberg,
_c2011
506 _aPublic domain in the USA.
516 _aElectronic text
830 0 _aProject Gutenberg
_v35520
856 4 0 _uhttp://www.gutenberg.org/ebooks/35520
942 _cEB
999 _c264775
_d264775